000 00838nam a2200217 a 4500
999 _c10756
_d10756
001 10756
003 BD-JhCC
005 20180904112910.0
008 180904s20091999bg a|||| |||| 000 0 ben d
035 _a(BD-JhCC)10756
040 _aBD-JhCC
_dBD-JhCC
041 _aben
082 _a604.2
_bVOT 2009
100 _aভট্টাচার্য্য, শ্রীহেমন্ত কুমার
245 _aপ্রাথমিক ইঞ্জিনিয়ারিং ড্রয়িং /
_cশ্রীহেমন্ত কুমার ভট্টাচার্য্য,
260 _aঢাকা :
_bসোমনাথ বুক এজেন্সী,
_c২০০৯.
300 _a৫৬২ পৃ. :
_c২৩ সেমি.
650 _aEngineering drawings
650 _aMechanical drawing
942 _2ddc
_cBK